Introduction To Heat Transfer (Record no. 35776)

MARC details
000 -LEADER
fixed length control field 00449nam a22001937a 4500
003 - CONTROL NUMBER IDENTIFIER
control field OSt
005 - DATE AND TIME OF LATEST TRANSACTION
control field 20221226144147.0
008 - FIXED-LENGTH DATA ELEMENTS--GENERAL INFORMATION
fixed length control field 221226b |||||||| |||| 00| 0 eng d
020 ## - INTERNATIONAL STANDARD BOOK NUMBER
International Standard Book Number 9780471457275
040 ## - CATALOGING SOURCE
Transcribing agency HU
050 ## - LIBRARY OF CONGRESS CALL NUMBER
Classification number 532
Item number 2
082 ## - DEWEY DECIMAL CLASSIFICATION NUMBER
Edition number 5ed
Classification number 532/INT/2002
100 ## - MAIN ENTRY--PERSONAL NAME
Personal name Introduction To Heat Transfer
9 (RLIN) 37339
245 ## - TITLE STATEMENT
Title Introduction To Heat Transfer
250 ## - EDITION STATEMENT
Edition statement 5ed
260 ## - PUBLICATION, DISTRIBUTION, ETC.
Name of publisher, distributor, etc. Sons
300 ## - PHYSICAL DESCRIPTION
Type of unit 901
942 ## - ADDED ENTRY ELEMENTS (KOHA)
Source of classification or shelving scheme Dewey Decimal Classification
Koha item type Books like text book referance book
Suppress in OPAC No
Holdings
Withdrawn status Lost status Source of classification or shelving scheme Damaged status Not for loan Home library Current library Shelving location Date acquired Total Checkouts Full call number Barcode Date last seen Copy number Price effective from Koha item type
    Dewey Decimal Classification     IoT Library IoT Library General Stacks 12/26/2022   532/INT/2002 IOTL0022229 12/26/2022 1 12/26/2022 Books like text book referance book
    Dewey Decimal Classification     IoT Library IoT Library General Stacks 12/26/2022   532/INT/2002 IOTL0022230 12/26/2022 2 12/26/2022 Books like text book referance book